Simulated Environment for Training / Testing Autonomous Vehicles Based on Behavioral Cloning and End to End Deep Learning Model. (Record no. 66775)

MARC details
000 -LEADER
fixed length control field 00649nam a22001817a 4500
082 ## - DEWEY DECIMAL CLASSIFICATION NUMBER
Classification number R/2CS17
100 ## - MAIN ENTRY--AUTHOR NAME
Personal name Aftab Ahmed Qureshi
100 ## - MAIN ENTRY--AUTHOR NAME
Personal name Roll No. 17CS29
100 ## - MAIN ENTRY--AUTHOR NAME
Personal name Supervisor - Asst. Prof. Agha Shiraz A. Khan
245 ## - TITLE STATEMENT
Title Simulated Environment for Training / Testing Autonomous Vehicles Based on Behavioral Cloning and End to End Deep Learning Model.
260 ## - PUBLICATION, DISTRIBUTION, ETC. (IMPRINT)
Place of publication Nawabshah
Name of publisher QUEST
Year of publication 2020
300 ## - PHYSICAL DESCRIPTION
Number of Pages 31p
700 ## - ADDED ENTRY--PERSONAL NAME
Personal name Muhammad Azeem Nohri (Roll No. 17CS36)
700 ## - ADDED ENTRY--PERSONAL NAME
Personal name Hitesh Kumar Meghwar (Roll No. 17CS37)
700 ## - ADDED ENTRY--PERSONAL NAME
Personal name Muhammad Faizan (Roll No. 17CS15)
700 ## - ADDED ENTRY--PERSONAL NAME
Personal name Sabir Hussain Shar (Roll No. 17CS50)
942 ## - ADDED ENTRY ELEMENTS (KOHA)
Koha item type Thesis and Dissertation
Holdings
Withdrawn status Lost status Home library Current library Date acquired Full call number Accession Number Koha item type
    Research Section Research Section 07/01/2021 R/2CS17 17CS-T192 Thesis and Dissertation